000 00642nam a2200229Ia 4500
001 2614
003 GE_BSU
008 181216s||||||||xx |||||||||||||| ||und||
020 _a97899928096
040 _cGE_BSU
080 _a82-31(100)
245 _aმსოფლიო ლიტერატურა. ტ.2
245 _bრჩეული მოთხრობები
245 _cმურღულია გ.
260 _aთბილისი
260 _bდია
260 _c2007
300 _a356გვ.22სმ.
541 _h16ლ.
653 _aმსოფლიო ლიტერატურა
942 _cBK
999 _c36687
_d36687